[Event "PUR-ch"]
[Site "Guaynabo"]
[Date "2020.12.06"]
[Round "4"]
[White "Davila Blanco, Juan Jose"]
[Black "Santana Otero, Orlando"]
[Result "0-1"]
[WhiteElo "2047"]
[BlackElo "2082"]
[PlyCount "110"]
[EventDate "2020.12.04"]
[EventType "tourn"]
[EventRounds "9"]
[EventCountry "PUR"]
[SourceTitle "EXT 2022"]
[Source "ChessBase"]
[SourceDate "2021.10.06"]
[SourceVersion "1"]
[SourceVersionDate "2021.10.06"]
[SourceQuality "1"]

1. d4 c5 2. d5 Nf6 3. Nc3 g6 4. e4 d6 5. f4 Bg7 6. Bb5+ Nfd7 7. a4 0-0 8. Nf3 a6 9. Bd3 Nf6 10. 0-0 e6 11. dxe6 fxe6 12. e5 Ng4 13. Ng5 Nh6 14. exd6 Qxd6 15. Be3 Bd4 16. Bxd4 Qxd4+ 17. Kh1 Nc6 18. Ne2 Qf6 19. Ng3 Nd4 20. N3e4 Qe7 21. Bc4 Ndf5 22. Ra3 Rd8 23. Rd3 Rd4 24. Rxd4 cxd4 25. g4 Ne3 26. Qxd4 Nhxg4 27. h3 Nf5 28. Qc3 Ngh6 29. Nf6+ Kh8 30. Rd1 Ng7 31. Qd4 Ng8 32. Ngxh7 b5 33. axb5 axb5 34. Bxb5 Qb7+ 35. Kg1 Qxb5 36. Nxg8 Kxg8 37. c4 Qa5 38. Nf6+ Kf7 39. Ng4 Qa7 40. c5 Qe7 41. Ne5+ Kg8 42. Nxg6 Qe8 43. Qf6 Bb7 44. Ne7+ Kh7 45. c6 Bxc6 46. Qh4+ Qh5 47. Qxh5+ Nxh5 48. Nxc6 Nxf4 49. Kh2 Ra2 50. Rd2 Kg6 51. Kg3 Nh5+ 52. Kf3 Kf5 53. Re2 Kf6 54. Kg4 Ng7 55. Kf3 Nf5 0-1

[Event "Online Olym Div3 D"]
[Site "Chess.com INT"]
[Date "2020.08.07"]
[Round "3.5"]
[White "Davila Blanco, Juan Jose"]
[Black "Diaz Hollemaert, Nahuel Carlos"]
[Result "0-1"]
[WhiteElo "2047"]
[BlackElo "2441"]
[PlyCount "68"]
[EventDate "2020.08.07"]
[EventType "team-tourn (rapid)"]
[EventRounds "9"]
[EventCountry "USA"]
[SourceTitle "CBM 198"]
[Source "ChessBase"]
[SourceDate "2020.10.31"]
[SourceVersion "1"]
[SourceVersionDate "2020.10.31"]
[SourceQuality "1"]
[WhiteTeam "Puerto Rico"]
[BlackTeam "Uruguay"]
[WhiteTeamCountry "PUR"]
[BlackTeamCountry "URU"]

1. d4 Nf6 2. Nf3 e6 3. c4 b6 4. e3 Bb7 5. Bd3 g6 6. 0-0 Bg7 7. b4 0-0 8. Bb2 a5 9. a3 d6 10. Nbd2 Nbd7 11. Qc2 Nh5 12. Be2 f5 13. c5 Bd5 14. Rfc1 Ndf6 15. cxb6 cxb6 16. Qc7 f4 17. Ng5 fxe3 18. fxe3 Bh6 19. h4 Ng3 20. Bf3 Bxf3 21. Ndxf3 Ne2+ 22. Kh1 Nxc1 23. Rxc1 Qxc7 24. Rxc7 Rac8 25. Rc3 Bxg5 26. hxg5 Ne4 27. Rxc8 Rxc8 28. d5 e5 29. bxa5 bxa5 30. a4 Rc2 31. Ba3 Ra2 32. Nxe5 dxe5 33. d6 Rxa3 34. d7 Rd3 0-1

[Event "Online Olym Div3 D"]
[Site "Chess.com INT"]
[Date "2020.08.07"]
[Round "2.2"]
[White "Gemy Vargas, Jose Daniel"]
[Black "Davila Blanco, Juan Jose"]
[Result "1-0"]
[WhiteElo "2380"]
[BlackElo "2047"]
[PlyCount "59"]
[EventDate "2020.08.07"]
[EventType "team-tourn (rapid)"]
[EventRounds "9"]
[EventCountry "USA"]
[SourceTitle "CBM 198"]
[Source "ChessBase"]
[SourceDate "2020.10.31"]
[SourceVersion "1"]
[SourceVersionDate "2020.10.31"]
[SourceQuality "1"]
[WhiteTeam "Bolivia"]
[BlackTeam "Puerto Rico"]
[WhiteTeamCountry "BOL"]
[BlackTeamCountry "PUR"]

1. e4 e6 2. d4 d5 3. Nd2 c5 4. exd5 exd5 5. Ngf3 Nf6 6. Bb5+ Bd7 7. Bxd7+ Nbxd7 8. 0-0 Be7 9. dxc5 Nxc5 10. Nb3 0-0 11. Nxc5 Bxc5 12. Bg5 Be7 13. Re1 h6 14. Bh4 Re8 15. Qd4 g5 16. Bg3 Ne4 17. Rad1 Bf6 18. Be5 Bxe5 19. Nxe5 Nf6 20. c4 Qd6 21. c5 Qa6 22. f4 Qxa2 23. fxg5 hxg5 24. Ra1 Qb3 25. Re3 Qc2 26. Rf1 Re6 27. Nxf7 Kxf7 28. Rxe6 Kxe6 29. Qxf6+ Kd7 30. Qd6+ 1-0

[Event "Pan American-ch U20"]
[Site "Cochabamba"]
[Date "2019.08.04"]
[Round "6"]
[White "Davila Blanco, Juan Jose"]
[Black "Huanca, Edson"]
[Result "0-1"]
[WhiteElo "2052"]
[BlackElo "1948"]
[PlyCount "42"]
[EventDate "2019.08.01"]
[EventType "swiss"]
[EventRounds "9"]
[EventCountry "BOL"]
[SourceTitle "EXT 2020"]
[Source "ChessBase"]
[SourceDate "2019.10.17"]
[SourceVersion "1"]
[SourceVersionDate "2019.10.17"]
[SourceQuality "1"]

1. d4 Nf6 2. Nf3 e6 3. e3 d5 4. Bd3 Nbd7 5. 0-0 c6 6. Nbd2 Bd6 7. c4 0-0 8. b3 e5 9. dxe5 Nxe5 10. Be2 Re8 11. Bb2 Qc7 12. h3 Bd7 13. Kh1 Qc8 14. cxd5 Bxh3 15. Ng5 Bg4 16. Bxg4 Nexg4 17. dxc6 Qxc6 18. Bxf6 Nxf6 19. Nc4 Bc7 20. Qf3 h6 21. Nh3 Ne4 0-1

[Event "San Juan-ch Juvenil de Puerto Rico"]
[Site "San Juan"]
[Date "2016.12.09"]
[Round "1.3"]
[White "Lopez Rivera, Jose A"]
[Black "Davila Blanco, Juan Jose"]
[Result "0-1"]
[WhiteElo "1559"]
[BlackElo "1889"]
[PlyCount "90"]
[EventDate "2016.12.09"]
[EventType "tourn"]
[EventRounds "5"]
[EventCountry "PUR"]
[SourceTitle "EXT 2024"]
[Source "ChessBase"]
[SourceDate "2023.10.10"]
[SourceVersion "1"]
[SourceVersionDate "2023.10.10"]
[SourceQuality "1"]

1. e4 e6 2. d4 d5 3. Nd2 c5 4. Ngf3 Nf6 5. e5 Nfd7 6. c3 Nc6 7. Bd3 Qb6 8. Qb3 Qxb3 9. axb3 cxd4 10. cxd4 Nb4 11. Bb1 b6 12. 0-0 Be7 13. Re1 Ba6 14. Nf1 0-0 15. Bd2 Bb5 16. Ne3 Rfc8 17. Bc3 a5 18. Nc2 Nxc2 19. Bxc2 Nb8 20. Red1 Nc6 21. Ne1 Be2 22. Rd2 Bh5 23. Nd3 b5 24. Nf4 Bg6 25. Nxg6 hxg6 26. Rdd1 b4 27. Be1 Nxd4 28. Rxd4 Rxc2 29. Rd2 Rc6 30. Rd4 Bc5 31. Rdd1 Rcc8 32. g3 Bb6 33. Rdc1 Kf8 34. Kg2 Ke8 35. f4 Kd7 36. Bf2 Rxc1 37. Rxc1 Bxf2 38. Kxf2 Rc8 39. Rxc8 Kxc8 40. Ke3 Kc7 41. Kd4 Kc6 42. h4 Kb5 43. g4 a4 44. bxa4+ Kxa4 45. Kc5 Kb3 0-1

[Event "Olympiad-42"]
[Site "Baku"]
[Date "2016.09.09"]
[Round "7.4"]
[White "Davila Blanco, Juan Jose"]
[Black "Pultinevicius, Paulius"]
[Result "0-1"]
[WhiteElo "1904"]
[BlackElo "2351"]
[PlyCount "88"]
[EventDate "2016.09.02"]
[EventType "team-swiss"]
[EventRounds "11"]
[EventCountry "AZE"]
[SourceTitle "CBM 175"]
[Source "ChessBase"]
[SourceDate "2016.11.10"]
[SourceVersion "1"]
[SourceVersionDate "2016.11.10"]
[SourceQuality "1"]
[WhiteTeam "Puerto Rico"]
[BlackTeam "Lithuania"]
[WhiteTeamCountry "PUR"]
[BlackTeamCountry "LTU"]

1. d4 Nf6 2. Nf3 c5 3. d5 b5 4. Bg5 Qb6 5. Nc3 b4 6. Na4 Qa5 7. Bxf6 gxf6 8. b3 f5 9. e4 fxe4 10. Ng5 Qc7 11. d6 Qxd6 12. Qxd6 exd6 13. Nxe4 Bb7 14. f3 Bxe4 15. fxe4 Bg7 16. 0-0-0 Ke7 17. Bc4 Nc6 18. Rhf1 Raf8 19. Rd5 Be5 20. h3 h5 21. Rd2 Bd4 22. Kb1 Ne5 23. Bd5 Rfg8 24. Nb2 Bxb2 25. Kxb2 Rg7 26. Rff2 Rhg8 27. Kc1 a5 28. Kb2 Rg5 29. Kc1 R8g7 30. Kb2 Ng6 31. Bc4 Nf8 32. Rd5 Rxg2 33. Rxg2 Rxg2 34. Rxh5 Ne6 35. Rh7 Rf2 36. h4 Nd4 37. Bd3 a4 38. h5 a3+ 39. Kc1 Ne2+ 40. Bxe2 Rxe2 41. h6 Rxe4 42. Kd2 Kf6 43. Rh8 Kg6 44. h7 Re7 0-1

[Event "PUR-ch"]
[Site "San Juan"]
[Date "2016.04.11"]
[Round "11"]
[White "Davila Blanco, Juan Jose"]
[Black "Diaz Montes, Edwin"]
[Result "1-0"]
[WhiteElo "2027"]
[BlackElo "1974"]
[PlyCount "25"]
[EventDate "2016.04.01"]
[EventType "tourn"]
[EventRounds "11"]
[EventCountry "PUR"]
[SourceTitle "CBM 171 Extra"]
[Source "ChessBase"]
[SourceDate "2016.04.26"]
[SourceVersion "1"]
[SourceVersionDate "2016.04.26"]
[SourceQuality "1"]

1. d4 Nf6 2. Nf3 g6 3. Bg5 Bg7 4. c3 b6 5. Nbd2 Bb7 6. Qc2 d5 7. e3 Nc6 8. Bb5 a6 9. Bd3 0-0 10. h4 a5 11. h5 Nxh5 12. Rxh5 f6 13. Bxg6 1-0

[Event "PUR-ch"]
[Site "San Juan"]
[Date "2016.04.01"]
[Round "1"]
[White "Davila Blanco, Juan Jose"]
[Black "Almedina Ortiz, Edgardo J"]
[Result "0-1"]
[WhiteElo "2027"]
[BlackElo "2204"]
[PlyCount "72"]
[EventDate "2016.04.01"]
[EventType "tourn"]
[EventRounds "11"]
[EventCountry "PUR"]
[SourceTitle "CBM 171 Extra"]
[Source "ChessBase"]
[SourceDate "2016.04.26"]
[SourceVersion "1"]
[SourceVersionDate "2016.04.26"]
[SourceQuality "1"]

1. d4 Nf6 2. Nf3 g6 3. Bg5 Bg7 4. c3 0-0 5. Nbd2 d5 6. e3 c5 7. dxc5 a5 8. Bf4 Nfd7 9. Bxb8 Rxb8 10. Nd4 Nxc5 11. N2b3 Ne4 12. Bd3 Nd6 13. 0-0 a4 14. Nc5 e5 15. Ne2 Qc7 16. b4 axb3 17. Nxb3 Be6 18. Qc1 Ra8 19. Nd2 Ra4 20. Bc2 Ra6 21. Bb3 Rfa8 22. e4 Nxe4 23. Nxe4 dxe4 24. Bxe6 Rxe6 25. Qe3 f5 26. Rfb1 Rea6 27. Rb2 Bf8 28. Qd2 Qf7 29. Qc2 Bc5 30. Qb1 b6 31. Nc1 e3 32. Nd3 exf2+ 33. Nxf2 Qc4 34. Rc2 e4 35. Kh1 Ra3 36. Nd1 Qf1# 0-1

[Event "PUR-ch"]
[Site "Bayamon"]
[Date "2015.10.09"]
[Round "1"]
[White "Davila Blanco, Juan Jose"]
[Black "Pedrosa Class, Jose David"]
[Result "1-0"]
[WhiteElo "1949"]
[BlackElo "1621"]
[PlyCount "47"]
[EventDate "2015.10.09"]
[EventType "swiss"]
[EventRounds "9"]
[EventCountry "PUR"]
[SourceTitle "EXT 2017"]
[Source "ChessBase"]
[SourceDate "2016.10.25"]
[SourceVersion "1"]
[SourceVersionDate "2016.10.25"]
[SourceQuality "1"]

1. d4 Nf6 2. Nf3 e6 3. e3 b6 4. Bd3 Bb7 5. 0-0 d5 6. Nbd2 Bd6 7. b3 Nbd7 8. Bb2 0-0 9. Ne5 Ne4 10. Nxe4 dxe4 11. Bc4 Nxe5 12. dxe5 Bc5 13. Qe2 Qe7 14. a3 a6 15. b4 b5 16. bxc5 bxc4 17. Qxc4 Bd5 18. Qc3 c6 19. Qd4 Rfb8 20. Rfb1 f6 21. c4 fxe5 22. Qc3 Rxb2 23. Rxb2 Qxc5 24. Rc2 1-0

[Event "Central America & Caribbean U16"]
[Site "Palmira"]
[Date "2014.10.05"]
[Round "3.10"]
[White "Boggiano Pereira, Miguel A"]
[Black "Davila Blanco, Juan Jose"]
[Result "0-1"]
[WhiteElo "1559"]
[BlackElo "1841"]
[PlyCount "44"]
[EventDate "2014.10.04"]
[EventType "swiss"]
[EventRounds "9"]
[EventCountry "COL"]
[SourceTitle "EXT 2024"]
[Source "ChessBase"]
[SourceDate "2023.10.10"]
[SourceVersion "1"]
[SourceVersionDate "2023.10.10"]
[SourceQuality "1"]

1. e4 e6 2. d4 d5 3. Nc3 Nf6 4. Bg5 Bb4 5. e5 h6 6. Bd2 Bxc3 7. bxc3 Ne4 8. Qg4 g6 9. Nf3 c5 10. Bd3 Nxd2 11. Nxd2 c4 12. Be2 Nc6 13. h4 Bd7 14. Rh3 Qe7 15. Qf4 0-0-0 16. a3 g5 17. hxg5 hxg5 18. Qf3 Rxh3 19. gxh3 Rf8 20. Qg3 Qd8 21. Nf3 Rg8 22. Kd2 Ne7 0-1

[Event "PUR-ch"]
[Site "Bayamon"]
[Date "2013.05.24"]
[Round "1"]
[White "Colon Melendez, Edgar L"]
[Black "Davila Blanco, Juan Jose"]
[Result "1-0"]
[WhiteElo "2196"]
[BlackElo "1733"]
[PlyCount "75"]
[EventDate "2013.05.24"]
[EventType "swiss"]
[EventRounds "9"]
[EventCountry "PUR"]
[SourceTitle "CBM 154 Extra"]
[Source "ChessBase"]
[SourceDate "2013.06.25"]
[SourceVersion "2"]
[SourceVersionDate "2013.06.25"]
[SourceQuality "1"]

1. c4 f5 2. g3 Nf6 3. Bg2 g6 4. Nc3 d6 5. d4 Bg7 6. Nf3 0-0 7. 0-0 Nc6 8. b3 Ne4 9. Bb2 Nxc3 10. Bxc3 Qe8 11. b4 Rb8 12. Qb3 e5 13. dxe5 Nxe5 14. Nxe5 dxe5 15. Qb2 Rf7 16. Rad1 e4 17. Bxg7 Rxg7 18. Rd4 Be6 19. Rfd1 Rd7 20. Rxd7 Bxd7 21. Qd4 Be6 22. f3 exf3 23. Bxf3 Kf7 24. e4 Qh8 25. Qc5 c6 26. exf5 gxf5 27. Bh5+ Kf6 28. Qd4+ Ke7 29. Qd6+ Kf6 30. Re1 Qg8 31. Rxe6+ Qxe6 32. Qxb8 Qe1+ 33. Kg2 Qxb4 34. Qd8+ Kg7 35. Qd4+ Kh6 36. Be8 Qe7 37. Qh4+ Qxh4 38. gxh4 1-0

[Event "Wch U14"]
[Site "Maribor"]
[Date "2012.11.12"]
[Round "6.77"]
[White "Davila Blanco, Juan Jose"]
[Black "Pozun, Matej"]
[Result "1-0"]
[WhiteElo "1741"]
[BlackElo "1619"]
[PlyCount "67"]
[EventDate "2012.11.08"]
[EventType "swiss"]
[EventRounds "11"]
[EventCountry "SLO"]
[SourceTitle "EXT 2013"]
[Source "ChessBase"]
[SourceDate "2012.11.22"]
[SourceVersion "1"]
[SourceVersionDate "2012.11.22"]
[SourceQuality "1"]

1. e4 e5 2. Nf3 Nf6 3. Nc3 Nc6 4. Bc4 Nxe4 5. Nxe4 d5 6. Bb5 Bg4 7. Nc3 e4 8. h3 exf3 9. hxg4 Qe7+ 10. Kf1 fxg2+ 11. Kxg2 0-0-0 12. d4 Qf6 13. Be3 Qg6 14. Bd3 Qf6 15. Qf3 Qxf3+ 16. Kxf3 g6 17. a3 Bg7 18. Ne2 Ne7 19. Bh6 Bf8 20. Bxf8 Rdxf8 21. Nc3 c6 22. Rae1 Kd7 23. Re2 f5 24. g5 Ng8 25. Na4 b6 26. c4 h5 27. cxd5 cxd5 28. Bb5+ Kd6 29. Rhe1 h4 30. Kg2 f4 31. f3 Rf5 32. Re6+ Kc7 33. Rxg6 Nf6 34. gxf6 1-0